000 00764nam a2200229 i 4500
001 bg
100 1 _aWITKOWSKI, Kazimierz
245 1 0 _aZ historii systemów walk Dalekiego Wschodu :
_baikido, judo, ju-jutsu, karate, kendo, sumo /
_cKazimierz Witkowski ; Akademia Wychowania Fizycznego we Wrocławiu.
250 _aWyd. 2 popr.
260 _aWrocław :
_bWydaw. AWF,
_c1993.
300 _a111 s. :
_bil., 1 portr. ;
_c24 cm.
504 _aBibliogr. przy rozdz.
650 9 _aWalka wręcz
_xhistoria
_zDaleki Wschód
710 0 _aAkademia Wychowania Fizycznego (Wrocław)
020 _a8385279458
040 _cBPK
041 0 _apl
080 _a796.8(5-012)(091)
920 _a83-85279-45-8
942 _cKS
008 s pl f |000 0 pol
999 _c32845
_d32845
856 _uhttp://koha.tu.koszalin.pl/cgi-bin/koha/opac-detail.pl?biblionumber=32845
_yKatalog online BPK